[Event "Moscow (m/5) 83/387"]
[Site "?"]
[Date "2001.??.??"]
[Round "?"]
[White "Kramnik, Vladimir"]
[Black "Kasparov, Garry"]
[Result "0-1"]
[WhiteElo "2809"]
[BlackElo "2838"]
[PlyCount "110"]
[EventDate "2001.??.??"]
[Source "Chess Informant"]
[SourceDate "2001.10.01"]

1. d4 d5 2. c4 dxc4 3. Nf3 e6 4. e3 a6 5. Bxc4 c5 6. O-O Nf6 7. Bd3 b6 8. dxc5 Bxc5 9. a3 Bb7 10. Qe2 O-O 11. Nbd2 Nbd7 12. b4 Be7 13. Bb2 a5 14. bxa5 Rxa5 15. Bb5 Qb8 16. a4 Rc8 17. Rfc1 Ra7 18. Rxc8+ Qxc8 19. Rc1 Qa8 20. Nd4 Nc5 21. Nc4 Nd5 22. e4 Nf4 23. Qg4 Ng6 24. Nxb6 Qd8 25. Nc4 Nxa4 26. Bxa4 Rxa4 27. Qd1 Rb4 28. Ba3 Rxc4 29. Rxc4 Bxa3 30. Qb3 Ba6 31. Ra4 Bc5 32. Rxa6 Qxd4 33. Ra8+ Nf8 34. Qc2 g6 35. g3 Kg7 36. Kg2 e5 37. Ra4 Qd6 38. Qc4 Ne6 39. Qd5 Qb8 40. Ra8 Qb2 41. Ra2 Qc3 42. Qd2 Qb3 43. Qd5 Qb8 44. Ra8 Qc7 45. Ra6 Bd4 46. Qc6 Qe7 47. Ra8 Qf6 48. Qc2 Ng5 49. Ra3 Qe6 50. h4 Qh3+ 51. Kg1 Ne6 52. Rb3 Qg4 53. Qd3 Nc5 54. Qf3 Qxf3 55. Rxf3 Nxe4 0-1

[Event "Dortmund 82/351"]
[Site "?"]
[Date "2001.??.??"]
[Round "?"]
[White "Kramnik, Vladimir"]
[Black "Anand, V."]
[Result "1-0"]
[WhiteElo "2802"]
[BlackElo "2797"]
[PlyCount "77"]
[EventDate "2001.??.??"]
[Source "Chess Informant"]
[SourceDate "2001.06.01"]

1. d4 d5 2. c4 dxc4 3. Nf3 Nf6 4. e3 e6 5. Bxc4 c5 6. O-O a6 7. Bb3 cxd4 8. exd4 Nc6 9. Nc3 Be7 10. Bg5 O-O 11. Qd2 Na5 12. Bc2 b5 13. Qf4 Ra7 14. Rad1 Bb7 15. d5 Bxd5 16. Nxd5 exd5 17. Qh4 h5 18. Rfe1 Nc6 19. g4 Qd6 20. gxh5 Qb4 21. h6 Qxh4 22. Nxh4 Ne4 23. hxg7 Rc8 24. Bxe7 Nxe7 25. Bxe4 dxe4 26. Rxe4 Kxg7 27. Rd6 Rc5 28. Rg4+ Kh7 29. Nf3 Ng6 30. Ng5+ Kg7 31. Nxf7 Rxf7 32. Rdxg6+ Kh7 33. R6g5 Rxg5 34. Rxg5 Rc7 35. a3 b4 36. axb4 Rc1+ 37. Kg2 Rb1 38. Ra5 Rxb2 39. Ra4 1-0

[Event "Wijk aan Zee 74/(414)"]
[Site "?"]
[Date "1999.??.??"]
[Round "?"]
[White "Kasparov, Garry"]
[Black "Anand, Viswanathan"]
[Result "1/2-1/2"]
[WhiteElo "2812"]
[BlackElo "2781"]
[PlyCount "43"]
[EventDate "1999.??.??"]
[Source "ChessBase"]
[SourceDate "1998.10.01"]

1. Nf3 d5 2. d4 e6 3. c4 dxc4 4. e3 c5 5. Bxc4 a6 6. O-O Nf6 7. Bb3 Nc6 8. Nc3 cxd4 9. exd4 Be7 10. Re1 O-O 11. Bf4 Na5 12. Bc2 b5 13. d5 exd5 14. Qd3 Nc6 15. Bc7 Qd7 16. Ne5 Nxe5 17. Bxe5 g6 18. Bxf6 Bxf6 19. Nxd5 Bg7 20. a4 bxa4 21. Bxa4 Qd8 22. Bc6 1/2-1/2

[Event "Dos Hermanas 75/360"]
[Site "?"]
[Date "1999.??.??"]
[Round "?"]
[White "Kramnik, Vladimir"]
[Black "Anand, Viswanathan"]
[Result "1-0"]
[WhiteElo "2751"]
[BlackElo "2781"]
[PlyCount "139"]
[EventDate "1999.??.??"]
[Source "ChessBase"]
[SourceDate "1999.02.01"]

1. d4 d5 2. c4 dxc4 3. Nf3 Nf6 4. e3 e6 5. Bxc4 c5 6. O-O a6 7. Bb3 cxd4 8. exd4 Nc6 9. Nc3 Be7 10. Re1 O-O 11. a3 Na5 12. Bc2 b5 13. d5 Re8 14. Bg5 h6 15. Bh4 Nxd5 16. Nxd5 exd5 17. Qd3 g6 18. Qe3 Be6 19. Qxh6 Bxh4 20. Bxg6 Qf6 21. Bh7+ Kh8 22. Bg6+ Kg8 23. Qh7+ Kf8 24. Nxh4 Qg7 25. Qxg7+ Kxg7 26. Bd3 Nc4 27. b4 Nb2 28. Bf1 d4 29. Nf3 Rad8 30. Reb1 Nc4 31. Rd1 Bg4 32. Rd3 Nb2 33. Rxd4 Bxf3 34. Rxd8 Rxd8 35. gxf3 Rc8 36. Ra2 Na4 37. Rd2 Rc6 38. f4 Nb6 39. Rd3 Nc4 40. Kg2 Nb2 41. Rg3+ Kh8 42. Be2 Rc2 43. Bh5 Rc7 44. f5 Kh7 45. Be2 Kh6 46. h4 Rc2 47. Bf3 Nc4 48. Bd5 Nd6 49. Rd3 Kg7 50. Bf3 Nxf5 51. Bb7 Nxh4+ 52. Kg1 Re2 53. Bxa6 Re5 54. Rc3 Nf5 55. Rc5 Rxc5 56. bxc5 Nd4 57. c6 Nxc6 58. Bxb5 Na5 59. Kf1 Kf6 60. Ke2 Ke5 61. Ke3 Nb7 62. Bc4 f6 63. a4 Na5 64. Bf7 Nc6 65. Kd3 Kd6 66. Ke4 Ne7 67. a5 Kc5 68. a6 Nc8 69. Bh5 Kd6 70. Bf3 1-0

[Event "Wijk aan Zee 74/(414)"]
[Site "?"]
[Date "1999.??.??"]
[Round "?"]
[White "Sokolov, Ivan"]
[Black "Anand, Viswanathan"]
[Result "1/2-1/2"]
[WhiteElo "2624"]
[BlackElo "2781"]
[PlyCount "45"]
[EventDate "1999.??.??"]
[Source "ChessBase"]
[SourceDate "1998.10.01"]

1. Nf3 d5 2. d4 e6 3. c4 dxc4 4. e3 c5 5. Bxc4 a6 6. O-O Nf6 7. Bb3 Nc6 8. Nc3 cxd4 9. exd4 Be7 10. Re1 O-O 11. Bg5 b5 12. d5 Nxd5 13. Bxd5 exd5 14. Qxd5 Qxd5 15. Nxd5 Bxg5 16. Nxg5 Bb7 17. Ne4 Rfd8 18. Rad1 Nd4 19. Nb6 Rab8 20. Nc5 Bc6 21. Nbd7 Bxd7 22. Rxd4 Be6 23. Nxe6 1/2-1/2

[Event "Leon m"]
[Site "?"]
[Date "1997.??.??"]
[Round "4"]
[White "Illescas Cordoba, Miguel"]
[Black "Anand, Viswanathan"]
[Result "1/2-1/2"]
[WhiteElo "2635"]
[BlackElo "2765"]
[PlyCount "48"]
[EventDate "1997.??.??"]
[Source "www.chesslib.no"]
[SourceDate "2004.05.04"]

1. d4 d5 2. c4 dxc4 3. Nf3 e6 4. e3 Nf6 5. Bxc4 c5 6. O-O a6 7. Bb3 Nc6 8. Nc3 cxd4 9. exd4 Be7 10. Re1 O-O 11. Bg5 b5 12. Qd3 Bb7 13. Rad1 Nb4 14. Qe2 Nbd5 15. Ne5 Nxc3 16. bxc3 Nd5 17. Bxe7 Qxe7 18. Qd2 Rac8 19. Rc1 Rfd8 20. Nd3 Nf6 21. Qb2 Qd6 22. Nc5 Bd5 23. a4 Bxb3 24. Qxb3 Qd5 1/2-1/2

[Event "Wijk aan Zee"]
[Site "?"]
[Date "1996.??.??"]
[Round "?"]
[White "Dreev, A."]
[Black "Anand, V."]
[Result "1/2-1/2"]
[WhiteElo "2670"]
[BlackElo "2725"]
[PlyCount "25"]
[EventDate "1996.??.??"]
[Source "ChessBase"]
[SourceDate "1995.10.01"]

1. d4 d5 2. Nf3 e6 3. c4 dxc4 4. e3 Nf6 5. Bxc4 c5 6. O-O a6 7. Bd3 cxd4 8. exd4 Be7 9. Ne5 Nc6 10. Nxc6 bxc6 11. Qc2 Bb7 12. Rd1 Qc7 13. Nd2 1/2-1/2

[Event "Amber-blind 12th"]
[Site "Monte Carlo"]
[Date "2003.03.27"]
[Round "11"]
[White "Van Wely, Loek"]
[Black "Shirov, Alexei"]
[Result "1/2-1/2"]
[WhiteElo "2668"]
[BlackElo "2723"]
[PlyCount "124"]
[EventDate "2003.03.15"]
[Source "ChessBase"]
[SourceDate "2003.05.09"]

1. d4 d5 2. c4 dxc4 3. Nf3 Nf6 4. e3 e6 5. Bxc4 c5 6. O-O a6 7. dxc5 Bxc5 8. Qxd8+ Kxd8 9. Ne5 Ke7 10. Be2 Nbd7 11. Nd3 Bd6 12. Nd2 Nc5 13. Nc4 Nxd3 14. Bxd3 Bc5 15. Be2 Bd7 16. Bf3 Bb5 17. b3 Bxc4 18. bxc4 Ra7 19. Bb2 b6 20. Rfd1 Rc8 21. g4 g5 22. Kg2 Nd7 23. h4 gxh4 24. Rh1 Bd6 25. Rxh4 Rxc4 26. Rxh7 Rc2 27. Rb1 Rac7 28. g5 R7c5 29. g6 Rg5+ 30. Kf1 Rxg6 31. Be4 Rxb2 32. Bxg6 Rxb1+ 33. Bxb1 Nf6 34. Rh8 Nd5 35. Ra8 a5 36. Ra7+ Kf6 37. a4 Bc5 38. Rb7 Ne7 39. Bd3 Ke5 40. Ke2 f5 41. f4+ Kd6 42. Bb5 e5 43. Rd7+ Ke6 44. Rd8 exf4 45. exf4 Ng6 46. Kf3 Bd6 47. Be8 Nf8 48. Rc8 Ke7 49. Bb5 Ne6 50. Rc4 Bc5 51. Ba6 Kd6 52. Ke2 Bb4 53. Bb5 Bc5 54. Kd3 Nc7 55. Rc1 Nxb5 56. axb5 Kd5 57. Rh1 Bd6 58. Rh6 a4 59. Rf6 Bxf4 60. Rxb6 a3 61. Ra6 Kc5 62. Rxa3 Kxb5 1/2-1/2

[Event "Espana"]
[Site "?"]
[Date "1996.??.??"]
[Round "?"]
[White "Karpov, Anatoly"]
[Black "Gulko, B."]
[Result "1-0"]
[WhiteElo "2775"]
[BlackElo "2615"]
[PlyCount "83"]
[EventDate "1996.??.??"]
[Source "ChessBase"]
[SourceDate "1996.10.01"]

1. d4 d5 2. c4 dxc4 3. Nf3 a6 4. e3 e6 5. Bxc4 Nf6 6. O-O c5 7. Bb3 Nc6 8. Nc3 Be7 9. dxc5 Qxd1 10. Rxd1 Bxc5 11. Bd2 Bd7 12. Rac1 Ba7 13. Be1 Ke7 14. Na4 b6 15. Rxd7+ Kxd7 16. Nxb6+ Bxb6 17. Ba4 Kc8 18. Ne5 Kb8 19. Nxc6+ Kb7 20. Ne5 Rac8 21. Bc6+ Ka7 22. Nxf7 Rhf8 23. Ne5 Nd5 24. Rd1 Rfd8 25. Ba4 Ne7 26. Nd7 Nd5 27. Kf1 Bxe3 28. Rxd5 exd5 29. fxe3 Rc4 30. b4 Re4 31. Bc3 a5 32. a3 axb4 33. axb4 Re7 34. Ne5 Rf8+ 35. Ke2 Kb7 36. Bc6+ Kc7 37. b5 Rf5 38. Nf3 Re4 39. h3 Ra4 40. g4 Ra2+ 41. Nd2 d4 42. Bxd4 1-0

[Event "Wijk aan Zee 74/(410)"]
[Site "?"]
[Date "1999.??.??"]
[Round "?"]
[White "Yermolinsky, Alex"]
[Black "Anand, Viswanathan"]
[Result "1/2-1/2"]
[WhiteElo "2597"]
[BlackElo "2781"]
[PlyCount "38"]
[EventDate "1999.??.??"]
[Source "ChessBase"]
[SourceDate "1998.10.01"]

1. d4 d5 2. c4 dxc4 3. e3 e6 4. Bxc4 c5 5. Nf3 a6 6. O-O Nf6 7. dxc5 Qxd1 8. Rxd1 Bxc5 9. b3 Nbd7 10. Bb2 b6 11. Nbd2 Bb7 12. Be2 O-O 13. Nc4 Bd5 14. Nfe5 b5 15. Nxd7 Nxd7 16. e4 Bxe4 17. Rxd7 bxc4 18. Bxc4 Rfc8 19. Rad1 Bf8 1/2-1/2

[Event "Montecatini Terme"]
[Site "?"]
[Date "2000.??.??"]
[Round "?"]
[White "Bareev, E."]
[Black "Rublevsky, S."]
[Result "1/2-1/2"]
[WhiteElo "2700"]
[BlackElo "2670"]
[PlyCount "65"]
[EventDate "2000.??.??"]
[Source "Chess Informant"]
[SourceDate "2000.06.01"]

1. d4 d5 2. Nf3 e6 3. c4 dxc4 4. e3 c5 5. Bxc4 a6 6. O-O Nf6 7. Bb3 cxd4 8. exd4 Nc6 9. Nc3 Be7 10. Re1 O-O 11. h4 Na5 12. Bc2 b5 13. Qd3 Bb7 14. h5 Bxf3 15. Qxf3 Qxd4 16. Bf4 h6 17. Rad1 Qc5 18. Qg3 Nxh5 19. Qd3 Qf5 20. Qxf5 exf5 21. Nd5 Nxf4 22. Nxe7+ Kh7 23. g3 Nh5 24. Bxf5+ g6 25. Be4 Rad8 26. Nd5 Kg7 27. Nc7 Nf6 28. Bf3 Rxd1 29. Rxd1 Rc8 30. Rc1 Rd8 31. Rd1 Rc8 32. Rc1 Rd8 33. Rd1 1/2-1/2

[Event "Polanica Zdroj"]
[Site "?"]
[Date "1997.??.??"]
[Round "?"]
[White "Gelfand, B."]
[Black "Rublevsky, S."]
[Result "1/2-1/2"]
[WhiteElo "2695"]
[BlackElo "2650"]
[PlyCount "41"]
[EventDate "1997.??.??"]
[Source "ChessBase"]
[SourceDate "1997.06.01"]

1. d4 d5 2. Nf3 e6 3. c4 dxc4 4. e3 Nf6 5. Bxc4 c5 6. O-O a6 7. Bd3 Nbd7 8. Re1 b5 9. a4 bxa4 10. e4 cxd4 11. e5 Nd5 12. Rxa4 Bb4 13. Bd2 Bxd2 14. Nbxd2 Nc5 15. Bb5+ Bd7 16. Bxd7+ Nxd7 17. Rxd4 O-O 18. Nc4 Rb8 19. Rg4 Qe7 20. Qd2 Rb4 21. h3 1/2-1/2